<?xml version="1.0" encoding="UTF-8"?><?xml-stylesheet type="text/xsl" href="static/style.xsl"?><OAI-PMH xmlns="http://www.openarchives.org/OAI/2.0/" xmlns:xsi="http://www.w3.org/2001/XMLSchema-instance" xsi:schemaLocation="http://www.openarchives.org/OAI/2.0/ http://www.openarchives.org/OAI/2.0/OAI-PMH.xsd"><responseDate>2026-06-05T14:40:36Z</responseDate><request verb="GetRecord" identifier="oai:riuma.uma.es:10630/28067" metadataPrefix="marc">https://riuma.uma.es/rest/oai/request</request><GetRecord><record><header><identifier>oai:riuma.uma.es:10630/28067</identifier><datestamp>2026-02-03T12:08:59Z</datestamp><setSpec>com_10630_2254</setSpec><setSpec>col_10630_37959</setSpec></header><metadata><record xmlns="http://www.loc.gov/MARC21/slim" xmlns:dcterms="http://purl.org/dc/terms/" xmlns:doc="http://www.lyncode.com/xoai" xmlns:xsi="http://www.w3.org/2001/XMLSchema-instance" xsi:schemaLocation="http://www.loc.gov/MARC21/slim http://www.loc.gov/standards/marcxml/schema/MARC21slim.xsd">
   <leader>00925njm 22002777a 4500</leader>
   <datafield ind2=" " ind1=" " tag="042">
      <subfield code="a">dc</subfield>
   </datafield>
   <datafield ind2=" " ind1=" " tag="720">
      <subfield code="a">Villegas Almagro, Yeray</subfield>
      <subfield code="e">author</subfield>
   </datafield>
   <datafield ind2=" " ind1=" " tag="260">
      <subfield code="c">2023</subfield>
   </datafield>
   <datafield ind2=" " ind1=" " tag="520">
      <subfield code="a">En la presente investigación, se analiza, tras la aprobación de la Ley 13/2023, de 24 de mayo, por la que se modifica la LGT –entre otras normas tributarias–, la introducción en nuestro sistema tributario de una nueva figura ex artículo 120.3 del citado texto legal: la «autoliquidación rectificativa».&#xd;
&#xd;
Figura esta que, al igual que ocurriera tiempo atrás con la autoliquidación, ha generado controversia, debido –entre otras cuestiones– a las evidentes imprecisiones normativas del legislador. Y es que, la utilización preferente de normas reglamentarias para modificar piezas clave en el sistema tributario fue advertida en la Declaración de Granada (2018) como una de las principales preocupaciones de la doctrina. &#xd;
&#xd;
Dada la senda que atraviesa el actual sistema de relaciones jurídico-tributarias, en el que el uso de nuevas herramientas –de información y asistencia, así como de control– es hoy una realidad, así como la, cada vez mayor, automatización de las sanciones, parecen conducir a una conclusión unánime e inequívoca: «la mayor protección de los intereses del Fisco» continúa tomando carta de naturaleza «frente a la pretendida paridad de posiciones» (Hinojosa Torralvo, 2001).&#xd;
&#xd;
Así las cosas, cabe recordar que «el fin, por loable que sea, no justifica los medios» (Declaración de Granada, 2018) y, en este sentido, resulta difícil comprender que la determinación de un menor ingreso o una mayor devolución se considere acto de rectificación –debiendo presentarse mediante modelo normalizado– y no una solicitud, como venía siendo hasta ahora. Ello, junto al elevado riesgo de incremento de sanciones, puesto de relieve por la doctrina, y la evidente vulneración de los principios constitucionales que se evidencian en la aprobación de esta norma, han originado cierta inquietud en la disciplina.</subfield>
   </datafield>
   <datafield ind1="8" ind2=" " tag="024">
      <subfield code="a">https://hdl.handle.net/10630/28067</subfield>
   </datafield>
   <datafield tag="653" ind2=" " ind1=" ">
      <subfield code="a">Derecho fiscal</subfield>
   </datafield>
   <datafield tag="653" ind2=" " ind1=" ">
      <subfield code="a">Impuestos - Declaración</subfield>
   </datafield>
   <datafield ind2="0" ind1="0" tag="245">
      <subfield code="a">La conflictividad de las autoliquidaciones rectificativas.</subfield>
   </datafield>
</record>
</metadata></record></GetRecord></OAI-PMH>